| 000 | 00695nam a2200217Ia 4500 | ||
|---|---|---|---|
| 005 | 20241129110151.0 | ||
| 008 | 241129s9999||||xx |||||||||||||| ||und|| | ||
| 020 | _a978-1-032-76877-9 | ||
| 037 | _aTB | ||
| 040 |
_aARTS _beng _cARTS |
||
| 041 |
_aeng _2eng |
||
| 084 |
_aW.2 R4 _qARTS |
||
| 100 |
_aJha Mithilesh Kumar Ed.; Choubey Kamal Nayan Ed. _9727442 |
||
| 245 | 0 |
_aIndian politics and political processes: ideas, institutions and practices _cJha Mithilesh Kumar Ed.; Choubey Kamal Nayan Ed. |
|
| 260 |
_aUK _bRoutledge _c2024 |
||
| 300 | _axvi,503p. | ||
| 365 |
_aINR _b1595 |
||
| 650 |
_aPolitical Science-India _9727443 |
||
| 942 |
_cTB _hW.2 R4 |
||
| 999 |
_c1227571 _d1227571 |
||